| 000 -LEADER |
| fixed length control field |
00579nam a2200193Ia 4500 |
| 001 - CONTROL NUMBER |
| control field |
10640 |
| 003 - CONTROL NUMBER IDENTIFIER |
| control field |
GE_BSU |
| 008 - FIXED-LENGTH DATA ELEMENTS--GENERAL INFORMATION |
| fixed length control field |
181216s||||||||xx |||||||||||||| ||und|| |
| 040 ## - CATALOGING SOURCE |
| Transcribing agency |
GE_BSU |
| 245 ## - TITLE STATEMENT |
| Title |
მსოფლიოს პოლიტიკური რუკა |
| 245 ## - TITLE STATEMENT |
| Remainder of title |
1:30 000 000 |
| 245 ## - TITLE STATEMENT |
| Statement of responsibility, etc. |
რედ:ნ.ფეიქრიშვილი. |
| 260 ## - PUBLICATION, DISTRIBUTION, ETC. |
| Place of publication, distribution, etc. |
თბილისი |
| 260 ## - PUBLICATION, DISTRIBUTION, ETC. |
| Name of publisher, distributor, etc. |
გეოიედი |
| 260 ## - PUBLICATION, DISTRIBUTION, ETC. |
| Date of publication, distribution, etc. |
2011–2014. |
| 653 ## - INDEX TERM--UNCONTROLLED |
| Uncontrolled term |
მსოფლიოს პოლიტიკური რუკა |
| 942 ## - ADDED ENTRY ELEMENTS (KOHA) |
| Koha item type |
რუკები |